000
00282nam a2200097Ia 4500
008
240331s9999 xx 000 0 und d
082
_b
LIY
100
_a
Liyanage,K
245
0
_a
Aan Penn Arasiyal Pirathinithithuvam samamaanatha :
_b
pangu muraik kattupadu mattrum payanpadu
942
_c
L
999
_c
5806
_d
5806